000 02144nam a2200601 i 4500
001 55106
003 KOSZ 005
005 20220929133530.0
008 170614s2007 pl ad f |000 0 pol
015 _aUWD 2017/25553
020 _a9788374401807
035 _a991010790249705066
035 _a(PL-WaBN)b56054634-48omnis_nlop
035 _ab56054634
035 _a(OCoLC)297719726
035 _a(PL)b0000005605463
035 _a(EXLNZ-48OMNIS_NETWORK)9910163408905606
040 _aWA N
_cWA N
_dKOSZ 005/HR
045 2 _bd2001
_bd2008
046 _k2008
080 _a005.5
080 _a657.05
245 0 0 _aControlling w pytaniach i odpowiedziach :
_bpraktyczne narzędzia dla controllera : praca zbiorowa /
_c[redakcja Stanisław Woźniak].
260 _aWarszawa :
_bGrupa Wydawnicza Infor,
_c2007.
300 _a205 stron :
_bilustracje, wykresy;
_c24 cm.
336 _aTekst
_btxt
_2rdacontent
337 _aBez urządzenia pośredniczącego
_bn
_2rdamedia
338 _aWolumin
_bnc
_2rdacarrier
380 _aKsiążki
380 _aPublikacje fachowe
385 _aGłówni księgowi
385 _aSpecjaliści ds. kontrolingu
388 1 _a2001-
490 1 _aBiblioteka Controllera
490 1 _aControlling i Rachunkowość Zarządcza
504 _aBibliografia na stronach 204-205.
521 8 _aDla kierowników, specjalistów ds. controllingu i analiz finansowych, dyrektorów finansowych i księgowych.
648 7 _a2001-
_2DBN
650 7 _aControlling
_2DBN
650 7 _aRachunkowość zarządcza
_2DBN
650 7 _aZarządzanie finansami
_2DBN
655 7 _aPoradnik
_2DBN
658 _aGospodarka, ekonomia, finanse
658 _aZarządzanie i marketing
700 1 _aWoźniak, Stanisław
_d(1975- )
_eRedakcja
710 2 _aInfor PL
_4pbl
830 0 _aBiblioteka Controllera
830 0 _aControlling i Rachunkowość Zarządcza
856 _uhttp://koha.tu.koszalin.pl/cgi-bin/koha/opac-detail.pl?biblionumber=55106
_yKatalog online BPK
942 _2UKD
_cKS
999 _c55106
_d55106